00569nam a2200193Ia 4500008004100000020001800041082000800059100002600067245003400093250000600127260002900133300001600162500002400178650001500202700004400217942000700261952009000268999001700358230524s9999 xx 000 0 und d a9788131513996 bSHE aLiang Chi Shen942806 0aEngineering Electromagnetics  a1 aNew DelhibCengagec2011 a"VII,522p;" aQuantity Number: 1 aElectrical a"Jin Au Kong , Amalendu Patnaik"942807 cBK 00104070aTATCLbTATCLcGENd2023-05-24l0o SHEp54095r2023-05-24w2023-05-24yBK c57782d57782